<?xml version="1.0" encoding="UTF-8"?><?xml-stylesheet type="text/xsl" href="static/style.xsl"?><OAI-PMH xmlns="http://www.openarchives.org/OAI/2.0/" xmlns:xsi="http://www.w3.org/2001/XMLSchema-instance" xsi:schemaLocation="http://www.openarchives.org/OAI/2.0/ http://www.openarchives.org/OAI/2.0/OAI-PMH.xsd"><responseDate>2026-06-29T23:32:02Z</responseDate><request verb="GetRecord" identifier="oai:docta.ucm.es:20.500.14352/25278" metadataPrefix="marc">https://docta.ucm.es/rest/oai/request</request><GetRecord><record><header><identifier>oai:docta.ucm.es:20.500.14352/25278</identifier><datestamp>2026-04-13T09:33:07Z</datestamp><setSpec>com_20.500.14352_14</setSpec><setSpec>col_20.500.14352_18</setSpec></header><metadata><record xmlns="http://www.loc.gov/MARC21/slim" xmlns:dcterms="http://purl.org/dc/terms/" xmlns:xsi="http://www.w3.org/2001/XMLSchema-instance" xmlns:doc="http://www.lyncode.com/xoai" xsi:schemaLocation="http://www.loc.gov/MARC21/slim http://www.loc.gov/standards/marcxml/schema/MARC21slim.xsd">
   <leader>00925njm 22002777a 4500</leader>
   <datafield ind2=" " ind1=" " tag="042">
      <subfield code="a">dc</subfield>
   </datafield>
   <datafield ind2=" " ind1=" " tag="720">
      <subfield code="a">Chaves Martín, Miguel Ángel</subfield>
      <subfield code="e">author</subfield>
   </datafield>
   <datafield ind2=" " ind1=" " tag="720">
      <subfield code="a">García García, María Isabel</subfield>
      <subfield code="e">author</subfield>
   </datafield>
   <datafield ind2=" " ind1=" " tag="260">
      <subfield code="c">2016</subfield>
   </datafield>
   <datafield ind2=" " ind1=" " tag="520">
      <subfield code="a">Los textos que configuran el presente libro son el resultado final del Proyecto de Innovación y Mejora de la Calidad Docente, ACResearch, nueva plataforma digital de difusión para jóvenes investigadores en artes plásticas, arquitectura y comunicación en la ciudad contemporánea que se ha desarrollado durante el año 2015, dando continuidad al proyecto iniciado el año anterior. Su finalidad fue la creación de una plataforma de expansión para jóvenes investigadores a través de la web del grupo de investigación Arte, Arquitectura y Comunicación en la Ciudad Contemporánea, (Grupo UCM Consolidado. Campus de Excelencia Moncloa, Cluster Patrimonio, http://arteyciudad.com) creando para ello una sección específica dedicada a la Innovación Docente (http://www.arteyciudad.com/index.php/innovacion-docente/).</subfield>
   </datafield>
   <datafield ind1="8" ind2=" " tag="024">
      <subfield code="a">https://hdl.handle.net/20.500.14352/25278</subfield>
   </datafield>
   <datafield ind1="8" ind2=" " tag="024">
      <subfield code="a">http://arteyciudad.com</subfield>
   </datafield>
   <datafield ind1="8" ind2=" " tag="024">
      <subfield code="a">http://www.arteyciudad.com/index.php/innovacion-docente</subfield>
   </datafield>
   <datafield ind2="0" ind1="0" tag="245">
      <subfield code="a">AC-RESEARCH/2016 : plataforma digital de difusión para jóvenes investigadores</subfield>
   </datafield>
</record></metadata></record></GetRecord></OAI-PMH>